Vysnívaná láska

Dvadsaťjedenročná Annabel si najväčšmi zo všetkého želá usadiť sa a žiť pokojným životom

Bibliographic Details
Main Author: Garlock, Dorothy, 1919-2018 (Author)
Format: Braille Book
Language:Slovak
English
PhysicalDescription:5 zv. v Braillovom písme 25 x 31 cm
Published: Levoča Slovenská knižnica pre nevidiacich Mateja Hrebendu 2011
ISBN:9788081101588
Edition:[1. vyd.]
Subjects:

MARC

LEADER 00000cam a2200000 a 4500
001 vtls010238023
003 SK-MaSNL
005 20260302081946.0
007 fb a un a
008 240313s2011 xo ff 000 f slo
015 |a SNBK2011/02-01388 
020 |a 9788081101588 
040 |a SNK  |b slo  |c SNK  |e AACR2 
041 1 |a slo  |h eng 
044 |a xo  |c SK 
072 7 |a 821.111(73)-3  |x Americká próza  |2 konspekt 
080 |a 821.111(73)-31  |2 2001 
080 |a (0:82-312.5)  |2 2001 
080 |a (0:003.24)  |2 2001 
100 1 |a Garlock, Dorothy,  |d 1919-2018  |4 aut  |9 118241 
245 1 0 |a Vysnívaná láska  |h Braillovo písmo  |c Dorothy Garlocková 
250 |a [1. vyd.] 
260 |a Levoča  |b Slovenská knižnica pre nevidiacich Mateja Hrebendu  |c 2011 
300 |a 5 zv. v Braillovom písme  |c 25 x 31 cm 
520 |a Dvadsaťjedenročná Annabel si najväčšmi zo všetkého želá usadiť sa a žiť pokojným životom 
655 7 |a americké romány  |2 SNKPH  |9 1174 
655 7 |a ľúbostné romány  |2 SNKPH  |9 70497 
655 7 |a publikácie pre nevidiacich  |2 SNKPH  |9 70695 
655 7 |a publikácie v Braillovom písme  |2 SNKPH  |9 222610 
919 |a 978-80-8110-158-8 
958 |a SX 
958 |a LX 
958 |a UP 
968 |b ENG  |d 821 
999 |c 1178421  |d 1180351 
952 |a SNK  |b SNK  |y PREZ  |7 0  |p 17A0696544  |o snkOSB 16227/1  |i snk2011/8401  |8 0  |0 0  |1 0  |4 0  |d 2011-04-12  |l 0  |r 2026-02-24 21:29:21  |w 2026-02-24 
952 |a SNK  |b SNK  |y PREZ  |7 0  |p 17A0696545  |o snkOSB 16227/2  |i snk2011/8402  |8 0  |0 0  |1 0  |4 0  |d 2011-04-12  |l 0  |r 2026-02-24 21:29:22  |w 2026-02-24 
952 |a SNK  |b SNK  |y PREZ  |7 0  |p 17A0696546  |o snkOSB 16227/3  |i snk2011/8403  |8 0  |0 0  |1 0  |4 0  |d 2011-04-12  |l 0  |r 2026-02-24 21:29:22  |w 2026-02-24 
952 |a SNK  |b SNK  |y PREZ  |7 0  |p 17A0696547  |o snkOSB 16227/4  |i snk2011/8404  |8 0  |0 0  |1 0  |4 0  |d 2011-04-12  |l 0  |r 2026-02-24 21:29:22  |w 2026-02-24 
952 |a SNK  |b SNK  |y PREZ  |7 0  |p 17A0696548  |o snkOSB 16227/5  |i snk2011/8405  |8 0  |0 0  |1 0  |4 0  |d 2011-04-12  |l 0  |r 2026-02-24 21:29:22  |w 2026-02-24